000 00530nam a2200181Ia 4500
008 151018s9999 xx 000 0 und d
082 _bRBASDV4831
_a920
100 _aय दि पेंढारकर
245 _aहापिसर
250 _b1
260 _bकुळकर्णी गंगाधर
_c1962
300 _a131
600 _aय दि पेंढारकर
630 _aहापिसर
700 _aय दि पेंढारकर
730 _aहापिसर
942 _cBOOK
999 _c1007216
_d1007213